000 00601nam a2200277Ia 4500
005 20260401122417.0
008 008 250103s9999 xx 000 0 eng d
020 _a9789350290415
037 _aTB
040 _aEDL
040 _beng
040 _cEDL
041 _2eng
041 _aeng
084 _a808.81 SEN
084 _qEDL
245 0 _aHarpercollins Book of English Poetry
260 _aNew Delhi
260 _bHarper Collin Press
260 _c2012
300 _a541p
942 _cTB
942 _h808.81 SEN
999 _c1847090
_d1847090